Southville International School and Colleges
Your cart is empty.
  • Cart
  • Lists
    Public lists Eva Luna New books Lux_list list_1
    Your lists Log in to create your own lists
  • Log in to your account
  • Your cookies
  • Search history
Southville International School and Colleges
  • Advanced search
  • Recent comments
  • Most popular
  • Libraries

Log in to your account

Log in with GOOGLE


If you do not have an external account, but do have a local account, you can still log in:

  1. Home
  2. MARC view: World history /
Normal view MARC view ISBD view

World history / (Record no. 9612)

[ view plain ]
MARC details
000 -LEADER
fixed length control field 00486nam a22001817a 4500
003 - CONTROL NUMBER IDENTIFIER
control field OSt
005 - DATE AND TIME OF LATEST TRANSACTION
control field 20140310182125.0
008 - FIXED-LENGTH DATA ELEMENTS--GENERAL INFORMATION
fixed length control field 130828t xxu||||| |||| 00| 0 eng d
050 ## - LIBRARY OF CONGRESS CALL NUMBER
Classification number D 20
Item number .G196 2006
082 ## - DEWEY DECIMAL CLASSIFICATION NUMBER
Classification number HS 909
Item number G15 2006
100 ## - MAIN ENTRY--PERSONAL NAME
Personal name Ganeri, Anita
9 (RLIN) 14323
245 ## - TITLE STATEMENT
Title World history /
Statement of responsibility, etc Anita Ganeri.
260 ## - PUBLICATION, DISTRIBUTION, ETC. (IMPRINT)
Place of publication, distribution, etc Indonesia :
Name of publisher, distributor, etc Parragon books,
Date of publication, distribution, etc c2006.
300 ## - PHYSICAL DESCRIPTION
Extent 144 p. ;
Dimensions 14 cm.
650 ## - SUBJECT ADDED ENTRY--TOPICAL TERM
Topical term or geographic name as entry element World history
General subdivision study and teaching
9 (RLIN) 14325
942 ## - ADDED ENTRY ELEMENTS (KOHA)
Source of classification or shelving scheme Library of Congress Classification
Holdings
Withdrawn status Lost status Source of classification or shelving scheme Damaged status Home library Current library Shelving location Date acquired Total Checkouts Full call number Barcode Date last seen Date checked out Copy number Price effective from Koha item type
    Library of Congress Classification   Luxembourg Library Luxembourg Library High School Section 08/28/2013 2 D 20 .G196 2006 14573 01/12/2026 12/09/2025 1 08/28/2013 Books

World history /

APA

Ganeri A., . (2006). World history. Indonesia: Parragon books.

Chicago

Ganeri Anita, . 2006. World history. Indonesia: Parragon books.

Harvard

Ganeri A., . (2006). World history. Indonesia: Parragon books.

MLA

Ganeri Anita, . World history. Indonesia: Parragon books. 2006.

  • Place hold
  • Print
  • Cite
  • Add to your cart (remove)
  • Save record
    BIBTEX Dublin Core MARCXML MARC (non-Unicode/MARC-8) MARC (Unicode/UTF-8) MARC (Unicode/UTF-8, Standard) MODS (XML) RIS
  • More searches
    Search for this title in:
    Other Libraries (WorldCat) Other Databases (Google Scholar) Online Stores (Bookfinder.com) Open Library (openlibrary.org)

Exporting to Dublin Core...

SOUTHVILLE LIBRARY

Southville International School and Colleges Library

1281 Tropical Ave. Cor. Luxembourg St., BF Homes International, Las Pinas City

Tel. No. 8256374 / 252358 Loc. 117/146

Powered by Koha